México 68 Programa Cultural de la XIX Olimpiada : Taller Dramático de Cuba /

Programa de las presentaciones que realizó el Taller Dramático de Cuba en el Teatro de Bellas Artes, durante el mes de junio de 1968, dentro del marco de los XIX juegos olímpicos. La compañía, fundada en 1966, presentó dos programas: La soga al cuello y Aire frío.

Kaydedildi:
Detaylı Bibliyografya
Kurumsal yazarlar: Juegos Olímpicos ( México), Comité Olímpico Internacional
Materyal Türü: Konferans Sunumu Kitap
Dil:İspanyolca
Konular:
Etiketler: Etiketle
Etiket eklenmemiş, İlk siz ekleyin!

MARC

LEADER 00000nam^a2200000^a^4500
001 000333569
005 20250526000000.0
009 20260310114135.605
037 |a Acervo ITESO - Biblioteca 
041 |a ESP 
082 |a 796. 48  |b JUE 1968 CUL V. 54 
111 |a Juegos Olímpicos (  |n 19° :  |d 1968 :  |c México) 
240 1 1 |a [Programa cultural de los juegos de la XIX Olimpiada] 
240 1 1 |a [Festival Internacional de Bellas Artes] 
245 1 0 |a México 68 Programa Cultural de la XIX Olimpiada :  |b Taller Dramático de Cuba /  |c Comité Olímpico Mexicano. 
264 |a México :  |b Comité Olímpico Mexicano,  |c 1968 
300 |a 1 folleto (20 p.) ;  |c 25.0 cm. 
336 |a texto  |b txt  |2 rdacontenido 
337 |a sin mediación  |b n  |2 rdamedio 
338 |a volumen  |b nc  |2 rdasoporte 
520 |a Programa de las presentaciones que realizó el Taller Dramático de Cuba en el Teatro de Bellas Artes, durante el mes de junio de 1968, dentro del marco de los XIX juegos olímpicos. La compañía, fundada en 1966, presentó dos programas: La soga al cuello y Aire frío. 
546 |a Edición trilingüe español-francés-inglés 
649 |a XX 
650 |a Juegos Olímpicos -  |z México -  |x Historia -  |y 1964-1970 
650 |a Juegos Olímpicos -  |x Historia 
650 |a Teatro -  |z Cuba -  |x Historia y Crítica -  |x Tema Principal 
650 |a Artes Escénicas -  |z México (Ciudad) -  |x Historia -  |y 1964-1970 -  |x Tema Principal 
650 |a Artes Escénicas -  |z México -  |x Historia -  |y 1964-1970 
650 |a Cultura -  |z México -  |x Historia -  |y 1964-1970 
710 |a Comité Olímpico Internacional 
910 |a Fondo Julio de la Peña Lomelín 
920 |a Impresos - Libros 
930 |a Libros Antiguos y Raros 
940 |a Arquitectos Jaliscienses 
905 |a 108 
901 |a 0500223378  |b IT2  |c LRA  |u 20250526 
902 |a https://opac.biblio.iteso.mx/vufind/Record/000333569